| 000 | 00597nam a2200229Ia 4500 | ||
|---|---|---|---|
| 008 | 180523s9999 xx 000 0 und d | ||
| 020 | _a1-56414-828-9 | ||
| 050 | _aMAIN HD 31 | ||
| 050 | _b.B57 2006 | ||
| 100 | _aBirol, Andy. | ||
| 245 | 4 | _aThe 5 catalysts of 7 figure growth : | |
| 245 | 0 | _bpropel your business to the next level / | |
| 245 | 0 | _cAndy Birol. | |
| 260 | _aNew Jersey : | ||
| 260 | _bCareer Press, | ||
| 260 | _c2006 | ||
| 300 | _a249 pages : | ||
| 300 | _c23 cm. | ||
| 500 | _aIncludes index. | ||
| 650 | _aIndustrial management. | ||
| 650 | _xBusiness planning. | ||
| 999 |
_c356846 _d356846 |
||